000 00978nam a2200241 i 4500
001 bg
100 1 _aWEINER, Wojciech
245 1 0 _aBadania operacji transportu ziarna nowego typu przenośnikiem cięgnowym z zabierakami walcowymi /
_cWojciech Weiner.
260 _aBydgoszcz :
_bWydawnictwa Uczelniane AT-R,
_c1999.
300 _a178 s. :
_bfot., rys., wykr. ;
_c24 cm.
490 1 _aRozprawy / Akademia Techniczno-Rolnicza im. Jana i Jędrzeja Śniadeckich w Bydgoszczy,
_x0209-0597 ;
_vnr 96
504 _aBibliogr. s. 95-113.
650 9 _aModele matematyczne
_xstosowanie
_xtechnika
650 9 _aOśrodki sypkie
_xtransport
_xurządzenia
_xbadanie
650 9 _aPrzenośniki
_xbadanie
650 9 _aPrzenośniki
_xmechanika
830 0 _aRozprawy (Akademia Techniczno-Rolnicza im. Jana i Jędrzeja Śniadeckich w Bydgoszczy) ;
_vnr 96
040 _cBPK
041 0 _apl
_ben
080 _a621.86/.87:519.86
942 _cKS
008 s pl f |000 0 pol
999 _c38354
_d38354
856 _uhttp://koha.tu.koszalin.pl/cgi-bin/koha/opac-detail.pl?biblionumber=38354
_yKatalog online BPK